000 00293nam a2200109Ia 4500
008 220204s9999 xx 000 0 und d
082 _a549.67
_bBRE
100 _aDonald W
245 0 _aZeolite molecular sieves: Structure chemistry and use
260 _aNew York
_bJohn Wiley
_c1974
942 _cBK
999 _c28258
_d28258